Manual d'elements urbans : mobiliari i microarquitectura / Josep Ma Serra mobiliari i microarquitectura / Josep Ma Serra
ISBN:
84-7794-715-5
Descripción Física:
190 p. : il. ; 24 cm
Colección:
Espai públic urbà ; 1
Materias:
Mobiliari urbà
MARC
| LEADER | 00000nam a2200000Ia 4500 | ||
|---|---|---|---|
| 001 | 12700 | ||
| 008 | 160829s2000 xx 000 0 cat d | ||
| 020 | |a 84-7794-715-5 | ||
| 080 | |a B-1-315 | ||
| 100 | |a Serra, Josep Ma. |9 21177 | ||
| 245 | |a Manual d'elements urbans : |b mobiliari i microarquitectura / Josep Ma Serra | ||
| 260 | |a Barcelona : |b Diputació de Barcelona. Oficina Tècnica de Cooperació, |c 2000 | ||
| 300 | |a 190 p. : |b il. ; |c 24 cm | ||
| 490 | |a Espai públic urbà ; 1 | ||
| 650 | |a Mobiliari urbà |9 21178 | ||
| 710 | |a Barcelona (Catalunya : Província). |b Oficina Tècnica de Cooperació |9 53580 | ||
| 901 | |a Arxiu | ||
| 942 | |n 1 | ||
| 952 | |0 0 |1 0 |4 0 |6 B1315 |7 1 |9 41817 |a Arxiu |b Arxiu |d 2016-12-01 |l 0 |o B-1-315 |p 12700 |r 2016-12-01 00:00:00 |w 2016-12-01 |y ARXIU | ||
| 999 | |c 43740 |d 43740 | ||